Aydınlık Hareketi (Record no. 4365)

MARC details
000 -BAŞLIK
Sabit Uzunlukta Kontrol Alanı 00756na a2200253 4500
001 - KONTROL NUMARASI
Denetim Alanı 23320
003 - KONTROL NUMARASI IDENTIFIER
Denetim Alanı MIRAKIL
005 - SON İŞLEM TARİHİ VE ZAMANI
Denetim Alanı 20181213155003.0
008 - SABİT-BOY VERİ ELEMANLARI - GENEL BİLGİLER
Sabit Uzunlukta Kontrol Alanı 170908b tu 000 0
020 ## - ULUSLARARASI STANDART KİTAP NUMARASI
Uluslararası Standart Kitap Numarası 9786059331548
040 ## - KATALOGLAMA KAYNAK
Orijinal Kataloglama Ajansı Milas
Kataloglama Dili tur
Metne Dönüştürmek Ajansı TR-AnCHP
041 ## - DİL KODU
Metin / Ses Parça Veya Ayrı Başlığın Dil Kodu tur
100 ## - ANA GİRİŞ - KİŞİSEL İSİM
Kişisel Ad Gürakar, Tolga
245 ## - BAŞLIK TABLOSU
Başlık Aydınlık Hareketi
Başlığın Kalan Küreselleşme çağında ulusalcı tarz-ı siyaset
Sorumluluk Tablosu, Vb Tolga Gürakar
246 ## - UNVAN FORM VARYING
Başlık Doğru / Kısa Başlığı Küreselleşme çağında ulusalcı tarz-ı siyaset
260 ## - YAYIN, DAĞITIM, VB
Yayın, Dağıtım, Vb Yeri İstanbul
Yayıncı, Dağıtıcı, Vs Adı Asi Kitap
Yayın, Dağıtım, Vb Tarihi 2017
Üretici Firma Barış matbaacılık
300 ## - FİZİKSEL TANIM
Kapsam 304 s.
Boyutlar 23 sm.
440 ## - SERİSİ TABLOSU / KATMA GİRİŞİ - BAŞLIK
Başlık Asi kitap
Hacim / Ardışık Tanımı 47
490 ## - SERİSİ TABLOSU
Seri Beyanı Araştırma
Hacim / Ardışık Tanımı 32
500 ## - GENEL NOT
Genel Not GEÇİCİ KATALOG KAYDIDIR.
504 ## - KAYNAKÇA VB NOT
Kaynakça Vb Notu Kaynakça ve dizin var.
942 ## - EKLENDİ GİRİŞ ELEMANLARI (KOHA)
Sınıflandırma Veya Raf Düzeni Kaynak Dewey Decimal Classification
Koha Öğesi Türü Books
999 ## - SİSTEM KONTROL NUMARALARI (KOHA)
Koha Biblionumber 4365
Koha Biblioitemnumber 4365
Holdings
Kalıcı Konum Mevcut Konum Edinme Tarihi Edinim Kaynak Toplam Check-Out'Lar Barkod Tarih Son Görülme İtibaren Geçerli Fiyatlar Koha Öğesi Türü
CHP Kütüphanesi CHP Kütüphanesi 09/08/2017 Bağış   017305 09/08/2017 09/08/2017 Books